000 00680nam a2200241Ia 4500
003 OSt
005 20220925204411.0
006 a|||||r|||| 00| 0
007 ta
008 220923b |||||||| |||| 00| 0 eng d
037 _cGeneral Book
040 _aRTL
_cRTL
_beng
041 _2eng
_aeng
082 _aX:54.658.N9, N6/UN
110 _aGatt, World Trade Organization
_9268354
245 0 _aTrade policy review
_b Zambia
260 _aGeneva
_bW T O
_c1996
300 _a122p
_ccm.
650 _aForeign Trade
700 _aGatt, World Trade Organization
_9268355
942 _hX:54.658.N9, N6/UN
_cGB
_2CC
999 _c549316
_d549316